<?xml version="1.0" encoding="UTF-8"?>
<record
    xmlns:xsi="http://www.w3.org/2001/XMLSchema-instance"
    xsi:schemaLocation="http://www.loc.gov/MARC21/slim http://www.loc.gov/standards/marcxml/schema/MARC21slim.xsd"
    xmlns="http://www.loc.gov/MARC21/slim">

  <leader>01424nam a2200349 i 4500</leader>
  <controlfield tag="001">56717</controlfield>
  <controlfield tag="003">CO-BoRNBP</controlfield>
  <controlfield tag="005">20250801162559.0</controlfield>
  <controlfield tag="007">ta</controlfield>
  <controlfield tag="008">241129b2022    ck a|||| |||| 00| 0 spa d</controlfield>
  <datafield tag="020" ind1=" " ind2=" ">
    <subfield code="a">9789585360990</subfield>
  </datafield>
  <datafield tag="040" ind1=" " ind2=" ">
    <subfield code="a">CO-BoRNBP</subfield>
    <subfield code="b">spa</subfield>
    <subfield code="c">CO-BoRNBP</subfield>
    <subfield code="e">rda</subfield>
  </datafield>
  <datafield tag="041" ind1=" " ind2=" ">
    <subfield code="a">spa</subfield>
  </datafield>
  <datafield tag="043" ind1=" " ind2=" ">
    <subfield code="a">s-ck---</subfield>
  </datafield>
  <datafield tag="082" ind1=" " ind2=" ">
    <subfield code="a">781.62 M25t </subfield>
    <subfield code="b">M25t </subfield>
    <subfield code="2">Primera edici&#xF3;n</subfield>
  </datafield>
  <datafield tag="245" ind1=" " ind2=" ">
    <subfield code="a">54 Torneo Internacional del Joropo Miguel &#xC1;ngel Mart&#xED;n.</subfield>
    <subfield code="b">En Homenaje a: Am&#xE9;rcia Rey/</subfield>
    <subfield code="c">Gobernaci&#xF3;n del Meta</subfield>
  </datafield>
  <datafield tag="250" ind1=" " ind2=" ">
    <subfield code="a">Primera edici&#xF3;n</subfield>
  </datafield>
  <datafield tag="264" ind1=" " ind2="4">
    <subfield code="a">Villavicencio, Meta, Colombia.</subfield>
    <subfield code="b">Corporaci&#xF3;n Cultural Entreletras,</subfield>
    <subfield code="c">&#xA9;2022</subfield>
  </datafield>
  <datafield tag="300" ind1=" " ind2=" ">
    <subfield code="a">198 p&#xE1;ginas,</subfield>
    <subfield code="b">fotograf&#xED;as a color,</subfield>
    <subfield code="c">30 cm</subfield>
  </datafield>
  <datafield tag="336" ind1=" " ind2=" ">
    <subfield code="2">rdacontenido</subfield>
    <subfield code="a">texto</subfield>
    <subfield code="b">txt</subfield>
  </datafield>
  <datafield tag="337" ind1=" " ind2=" ">
    <subfield code="2">rdamedio</subfield>
    <subfield code="a">sin mediaci&#xF3;n</subfield>
    <subfield code="b">n</subfield>
  </datafield>
  <datafield tag="338" ind1=" " ind2=" ">
    <subfield code="2">rdasoporte</subfield>
    <subfield code="a">volumen</subfield>
    <subfield code="b">nc</subfield>
  </datafield>
  <datafield tag="650" ind1=" " ind2=" ">
    <subfield code="2">ARMARC</subfield>
    <subfield code="a">Memorias del 54 Torneo Internacional del Joropo</subfield>
    <subfield code="y">2022</subfield>
    <subfield code="9">57481</subfield>
  </datafield>
  <datafield tag="650" ind1=" " ind2=" ">
    <subfield code="2">ARMARC</subfield>
    <subfield code="a">XVI Joropo Acad&#xE9;mico</subfield>
    <subfield code="9">57482</subfield>
  </datafield>
  <datafield tag="650" ind1=" " ind2=" ">
    <subfield code="2">ARMARC</subfield>
    <subfield code="a">Las manifestaciones del patrimonio cultural en el Toneo</subfield>
    <subfield code="9">57483</subfield>
  </datafield>
  <datafield tag="650" ind1=" " ind2=" ">
    <subfield code="2">ARMARC</subfield>
    <subfield code="a">Reinado Nacional e Internacional del Joropo</subfield>
    <subfield code="9">57484</subfield>
  </datafield>
  <datafield tag="700" ind1=" " ind2=" ">
    <subfield code="a">Juan Guillermo Zuluaga</subfield>
    <subfield code="e">gobernador del Meta</subfield>
    <subfield code="9">57485</subfield>
  </datafield>
  <datafield tag="700" ind1=" " ind2=" ">
    <subfield code="a">Lilian Camila Arismendy M&#xE9;ndez</subfield>
    <subfield code="e">Directora del Instituto Departamental de Cultura del Meta</subfield>
    <subfield code="9">57486</subfield>
  </datafield>
  <datafield tag="700" ind1=" " ind2=" ">
    <subfield code="a">Luis Carlos Londo&#xF1;o Vargas</subfield>
    <subfield code="e">Director del Instituto de Turismo del Meta</subfield>
    <subfield code="9">57487</subfield>
  </datafield>
  <datafield tag="942" ind1=" " ind2=" ">
    <subfield code="2">ddc</subfield>
    <subfield code="c">BK</subfield>
  </datafield>
  <datafield tag="999" ind1=" " ind2=" ">
    <subfield code="c">56717</subfield>
    <subfield code="d">56717</subfield>
  </datafield>
  <datafield tag="952" ind1=" " ind2=" ">
    <subfield code="0">0</subfield>
    <subfield code="1">0</subfield>
    <subfield code="2">ddc</subfield>
    <subfield code="4">0</subfield>
    <subfield code="7">0</subfield>
    <subfield code="8">REG</subfield>
    <subfield code="a">MEGUAMAL</subfield>
    <subfield code="b">MEGUAMAL</subfield>
    <subfield code="c">LIT</subfield>
    <subfield code="d">2024-11-29</subfield>
    <subfield code="e">Colecci&#xF3;n Regional</subfield>
    <subfield code="l">0</subfield>
    <subfield code="o">781.62 M25t</subfield>
    <subfield code="p">GUA004558</subfield>
    <subfield code="r">2024-11-29 11:30:15</subfield>
    <subfield code="t">Ej.1</subfield>
    <subfield code="w">2024-11-29</subfield>
    <subfield code="y">BK</subfield>
  </datafield>
  <datafield tag="952" ind1=" " ind2=" ">
    <subfield code="0">0</subfield>
    <subfield code="1">0</subfield>
    <subfield code="2">ddc</subfield>
    <subfield code="4">0</subfield>
    <subfield code="7">0</subfield>
    <subfield code="8">GEN</subfield>
    <subfield code="a">MEMACYARI</subfield>
    <subfield code="b">MEMACYARI</subfield>
    <subfield code="c">GEN</subfield>
    <subfield code="d">2023-05-17</subfield>
    <subfield code="e">ministerio de cultura</subfield>
    <subfield code="f">9789585360990</subfield>
    <subfield code="l">0</subfield>
    <subfield code="o">781.62 M25t  M25t </subfield>
    <subfield code="p">9789585360990</subfield>
    <subfield code="r">2025-05-31 16:00:22</subfield>
    <subfield code="t">Ej.1</subfield>
    <subfield code="w">2025-05-31</subfield>
    <subfield code="y">BK</subfield>
  </datafield>
  <datafield tag="952" ind1=" " ind2=" ">
    <subfield code="0">0</subfield>
    <subfield code="1">0</subfield>
    <subfield code="2">ddc</subfield>
    <subfield code="4">0</subfield>
    <subfield code="7">0</subfield>
    <subfield code="8">GEN</subfield>
    <subfield code="a">MESGUARO</subfield>
    <subfield code="b">MESGUARO</subfield>
    <subfield code="c">GEN</subfield>
    <subfield code="d">2025-07-21</subfield>
    <subfield code="l">0</subfield>
    <subfield code="o">781.62 M25t  M25t </subfield>
    <subfield code="p">SG03850</subfield>
    <subfield code="r">2025-07-21 17:58:13</subfield>
    <subfield code="t">Ej.1</subfield>
    <subfield code="w">2025-07-21</subfield>
    <subfield code="y">BK</subfield>
  </datafield>
</record>
